Регионална библиотека "Любен Каравелов" - Русе

Господар на гнева (Запис номер 496927)

MARC детайли
000 -Лидер
Лидер 01252nam a2200289 a 4500
003 - Код на организацията, давaща контролен номер
Код на организацията, даваща контролен номер BLK
005 - Дата и час на последна редакция
Дата и час на последна редакция 20250602144538.0
007 - Фиксирано поле за физическо описани
Физическо описание ta
008 - Елементи от данни с фиксирана дължина
Елементи с фиксирана дължина 231030b bu |||||r|||| 00| | bu d
020 ## - Международен стандартен номер на книга ISBN
ISBN 9789542730545
040 ## - Източник на каталожния запис
Код на библиотеката BLK
041 ## - Код за език
Език Български
Език за КДБФ Български
080 ## - УДК
9 (RLIN) 226698
УДК текст Американска литература (на САЩ)
УДК код 821.111(73)
УДК – определител -31
УДК – код + определител 821.111(73)-31
084 ## - Класификационен индекс по друга класификация
Авторски знак Ху - Х 93
100 ## - Редна дума - Автор
R(LIN) 481106
Автор Хуанг, Ана
245 ## - Сведения за заглавието
Заглавие Господар на гнева
Авторска отговорност Ана Хуанг ; прев. от англ. ез. Александра Микова
260 ## - Област на издателските данни
9 (RLIN) 401640
Място на издаване София
Име на издателя Уо
Година на издаване 2023
Печатница София : Ропринт
300 ## - Физическа характеристика
Брой страници 432 с.
Размер 20 см
380 ## - Жанр
Жанр Худож. лит.
490 ## - СЕРИИ (Колекции)
9 (RLIN) 489377
Серия Господари на греха
Номер в серията кн. 1
500 ## - Общи забележки
Обща забележка Ориг. загл.: King of wrath / Ana Huang. - Уо - търг. марка на Егмонт България. - За автора: с. 431. - Кн. 1 от поредицата Господари на греха
700 ## - Други автори (авторска отговорност)
9 (RLIN) 489376
Друг автор Микова, Александра Мирославова
852 ## - Местоположение
Сигнатура (форматна) Цб 319876
Отдел Хранилище
856 ## - Електронен адрес и достъп
Инструкция (цена за достъп) 0.00
Права за достъп disable
942 ## - АРТИКУЛИ
Вид на библиотечния документ Книги
Скрит в OPAC Не
Koha issues (borrowed), all copies 19
944 ## - СЪЗДАВАНЕ И РЕДАКЦИЯ на ЗАПИСА
Дата на регистрацията/редакция Геновева Генчева
Служител, извършил регистрацията/редакцията 30576
Номер на служител Цветомила Тодорова
999 ## - СИСТЕМНИ КОНТРОЛНИ НОМЕРА
Koha biblionumber 496927
Koha biblioitemnumber 496927
Наличности
Код за отписване Код за изгубен артикул Източник на класификационната схема Код за повреда Код за отдаване Артикулен № Име на библиотеката - собственик Име на библиотеката, в която се намира в момента Статус (Текущо местоположение) Дата на вписване в системата Местоположение - отдел Цена в лева Инвентарен номер Систематично азбучна сигнатура Баркод Цена в евро Служебен тип на артикула
  Не е изгубен Universal Decimal Classification Не е повреден ползва се в читалня 935392 Регионална библиотека "Любен Каравелов" Русе Регионална библиотека "Любен Каравелов" Русе Хранилище 2023-10-31 Хранилище 19.90 120000894482 Цб 319876 120000894482 10.17 Книги
  Не е изгубен Universal Decimal Classification Не е повреден заемане за дома 939819 Регионална библиотека "Любен Каравелов" Русе Регионална библиотека "Любен Каравелов" Русе Заемна - подръчен фонд 2024-02-05 Заемна - подръчен фонд 14.52 120000898847 821-31/Х 93 А 120000898847 7.42 Книги
Vip Innovations Ltd, Rousse, Bulgaria 2025